00386nam a2200157Ia 4500008004100000020001800041245002500059245004700084260001500131260001600146260000900162300001400171300002500185300001000210500000800220170705s9999 xx 000 0 und d a9781863885270 aShoes from grandpa / cMem Fox ; illustrated by Patricia Mullins. aNew York : bScholastic, c1989 aunpaged : bcolor illustration ; c28cm. a540